Riadenie kreditného rizika v Tatrabanke

Stratégia riadenia úverového rizika, ktorá vyplýva z organizačnej štruktúry prípade VÚB banky.

Saved in:
Bibliographic Details
Main Author: Školková, Alexandra
Format: Book Chapter
Language:Slovak
Subjects:
Tags: Add Tag
No Tags, Be the first to tag this record!

MARC

LEADER 00000nla a2200000 4500
001 0237445
005 20240417075129.5
041 0 |a slo 
044 |a SK 
245 1 0 |a Riadenie kreditného rizika v Tatrabanke  |c Alexandra Školková 
520 |a Stratégia riadenia úverového rizika, ktorá vyplýva z organizačnej štruktúry prípade VÚB banky. 
610 2 0 |a riadenie rizík 
610 2 0 |a riziko úverové 
610 2 0 |a banky 
610 2 0 |a Slovensko 
100 1 |a Školková, Alexandra